| 000 | 00862nmm a2200289 a 4500 | ||
|---|---|---|---|
| 001 | ocm000891557 | ||
| 003 | TR-IsHL | ||
| 005 | 20201028144842.0 | ||
| 008 | 141121s2009 tu tur | ||
| 007 | cr cn | ||
| 020 | _a9786054049219 | ||
| 035 |
_a891557 _b(N$T) |
||
| 050 | 0 | 4 |
_aLB1725.T9 _bO48 2009 |
| 090 | 0 | 4 |
_aLB1725.T9 _bO48 2009 |
| 100 | 1 | _aOğuz, Hasan | |
| 245 | 1 | 0 |
_aÖğretmenin öyküsü _h[electronic resource] / _cHasan Oğuz |
| 260 |
_aİstanbul : _bPencere Yayınları, _c2009 |
||
| 300 | _a239 p. | ||
| 650 | 4 | _aEğitim | |
| 650 | 4 | _aEducation | |
| 650 | 0 |
_aÖğretmenler _xTürkiye |
|
| 650 | 0 |
_aTeachers _xTurkey |
|
| 650 | 0 |
_aEğitim _xTürkiye |
|
| 650 | 0 |
_aEducation _xTurkey |
|
| 650 | 7 |
_aEDUCATION / General _2bisacsh |
|
| 856 | 4 | 0 | _uhttp://search.ebscohost.com/login.aspx?direct=true&scope=site&db=e011xww&AN=891557 |
| 999 |
_c9649 _d9649 |
||